Online
Catalog

Breve introducción a la cultura dominicana / (Record no. 29994)

MARC details
000 -CABECERA
campo de control de longitud fija 01266nam a2200265 a 4500
001 - NÚMERO DE CONTROL
campo de control 000030502
005 - FECHA Y HORA DE LA ÚLTIMA TRANSACCIÓN
campo de control 20240229074003.0
008 - DATOS DE LONGITUD FIJA--INFORMACIÓN GENERAL
campo de control de longitud fija 110523t2010 dr ach 001 0 spa d
020 ## - NÚMERO INTERNACIONAL ESTÁNDAR DEL LIBRO
ISBN cancelado o inválido 9945417029
040 ## - FUENTE DE LA CATALOGACIÓN
Centro catalogador/agencia de origen DO-SdBNP
Lengua de catalogación spa
Centro/agencia transcriptor BNPHU
082 ## - NÚMERO DE LA CLASIFICACIÓN DECIMAL DEWEY
Número de clasificación 306.4
Número de documento/Ítem S127b, 2010
100 1# - ENTRADA PRINCIPAL--NOMBRE DE PERSONA
Nombre de persona Sáez , José Luis
Fechas asociadas al nombre 1937-
9 (RLIN) 620
245 10 - MENCIÓN DE TÍTULO
Título Breve introducción a la cultura dominicana /
Mención de responsabilidad, etc. José Luis Sáez.
260 ## - PUBLICACIÓN, DISTRIBUCIÓN, ETC.
Lugar de publicación, distribución, etc. Santo Domingo :
Nombre del editor, distribuidor, etc. Letra Gráfica,
Fecha de publicación, distribución, etc. 2010.
300 ## - DESCRIPCIÓN FÍSICA
Extensión 101 p. :
Otras características físicas il., facsíms., retrs. ;
Dimensiones 23 cm.
500 ## - NOTA GENERAL
Nota general Incluye una cronología de la cultura dominicana siglos IV-XX.
504 ## - NOTA DE BIBLIOGRAFÍA, ETC.
Nota de bibliografía, etc. Bibliografía: p. 97-101.
505 0# - NOTA DE CONTENIDO CON FORMATO
Nota de contenido con formato Desde la colonia hasta el surgimiento de la nacionalidad (1495-1844 ) --
Título Desde la independencia política a las tiranías (1844-1930) --
-- La «Era de Trujillo» y su secuencia --
-- Desde la Guerra de Abril a nuestros días --
Información miscelánea Apéndice : Breve cronología de la cultura dominicana --
-- Bibliografía.
590 ## - NOTA LOCAL (RLIN)
Nota local Inventariado, 2018/MFF
650 #4 - PUNTO DE ACCESO ADICIONAL DE MATERIA--TÉRMINO DE MATERIA
Término de materia o nombre geográfico como elemento de entrada Cultura
Subdivisión geográfica República Dominicana
Subdivisión general Historia
9 (RLIN) 1949
650 #4 - PUNTO DE ACCESO ADICIONAL DE MATERIA--TÉRMINO DE MATERIA
Término de materia o nombre geográfico como elemento de entrada Sociologia de la cultura
9 (RLIN) 1950
650 #4 - PUNTO DE ACCESO ADICIONAL DE MATERIA--TÉRMINO DE MATERIA
Término de materia o nombre geográfico como elemento de entrada Identidad cultural
Subdivisión geográfica República Dominicana
Subdivisión general Historia
9 (RLIN) 1951
651 #4 - PUNTO DE ACCESO ADICIONAL DE MATERIA--NOMBRE GEOGRÁFICO
Nombre geográfico República Dominicana
Subdivisión general Historia
9 (RLIN) 170
910 ## - DATOS DE OPCIÓN DEL USUARIO (OCLC)
Datos de opción del usuario Validado. Control de calidad EMS.
Holdings
Estado de retiro Estado de pérdida Fuente del sistema de clasificación o colocación Restricciones de uso No para préstamo Código de colección Localización permanente Ubicación/localización actual Ubicación en estantería Fecha de adquisición Total de préstamos Signatura topográfica completa Código de barras Fecha visto por última vez Número de copia Precio válido a partir de Tipo de ítem Koha Fuente de adquisición
    Dewey Decimal Classification Préstamo en sala   Dominicana de Servicio Biblioteca Nacional Pedro Henríquez Ureña General Depósito 23.05.2011   BNPHU DS 306.4 S127b 2010 30502-30 25.06.2020 e. 3 25.06.2020 Libro y Folleto Colección Dominicana de Servicio  
    Dewey Decimal Classification Préstamo en sala   Dominicana de Servicio Biblioteca Nacional Pedro Henríquez Ureña General Depósito 12.06.2018   BNPHU DS 306.4 S127b 2010 2020-0289 30.10.2020 e. 4 25.06.2020 Libro y Folleto Colección Dominicana de Servicio Nieves L. Enuterio R.
    Dewey Decimal Classification Excluido de préstamo Excluido de préstamo Patrimonio Dominicano Biblioteca Nacional Pedro Henríquez Ureña Patrimonio Dominicano Depósito 23.05.2011   BNPHU PD 306.4 S127b 2010 30502-10 25.06.2020   25.06.2020 Libro y Folleto Colección Patrimonio Dominicano  
    Dewey Decimal Classification Excluido de préstamo Préstamo restrigido Patrimonio Dominicano Biblioteca Nacional Pedro Henríquez Ureña Patrimonio Dominicano Depósito 23.05.2011   BNPHU PD 306.4 S127b 2010 30502-20 25.06.2020 e. 2 25.06.2020 Libro y Folleto Colección Patrimonio Dominicano  

Powered by Koha